| 000 | 00456nam a2200157 a 4500 | ||
|---|---|---|---|
| 001 | 130 | ||
| 003 | CDMR | ||
| 005 | 20130320131401.0 | ||
| 008 | 130130s1999||||||||||||||||||||||||||||d | ||
| 020 | _a849222455X | ||
| 040 |
_aCDMR _bcat _cCDMR |
||
| 100 | 1 |
_aSentís, Carles _9107 |
|
| 245 | 1 | 0 |
_aAl filo del nuevo siglo _b: reflexiones de un periodista _cCarlos Sentís ; [Fernando Krahn ilustraciones] |
| 260 |
_aBarcelona _c1999 _bMundo Revistas |
||
| 942 |
_cMON _2udc |
||
| 999 |
_c130 _d130 |
||